| 000 | 00727nam a22002057a 4500 | ||
|---|---|---|---|
| 999 |
_c17884 _d17884 |
||
| 003 | AR-CdUCM | ||
| 008 | 190510b ||||| |||| 00| 0 spa d | ||
| 040 |
_aMUNICIPALIDAD PROVINCIAL DEL CUSCO _cBIBLIOTECA MUNICIPAL DEL CUSCO |
||
| 082 |
_a927.8 / _bR297 |
||
| 100 |
_aRecio Agüero, P _938096 |
||
| 245 | _aSchumann su vida y sus obras / | ||
| 260 |
_aParis : _bCasa editorial hispano Americana, |
||
| 300 |
_a190 páginas ; _c23 cm. |
||
| 440 |
_aLos grandes músicos _938097 |
||
| 505 | _aContenido : Vida de Roberto Schumann -- Primera enseñanza del maestro -- Lecturas literarias -- La levadura romántica... | ||
| 650 |
_aBiografia _9437 |
||
| 650 |
_aObras literarias _9403 |
||
| 942 |
_2ddc _cLIBROS |
||
| 945 | _arcc | ||